| 000 | 01205nam a22002777a 4500 | ||
|---|---|---|---|
| 003 | dpl | ||
| 005 | 20180716140929.0 | ||
| 008 | 180716b xxu||||| |||| 00| 0 eng d | ||
| 010 | _aB-077011 | ||
| 020 | _c00.00 | ||
| 035 | _aB-077011, B-077015 | ||
| 037 | _bCen Lib/Ret | ||
| 040 |
_aDPL _bHN _c0 |
||
| 082 |
_aउ _bबच्चन |
||
| 100 |
_aबच्चन सिंह _964317 |
||
| 245 |
_aननकी : _cबच्चन सिंह _bग्राम जीवन पर पड़ रहे शहरी प्रभाव पर आधारित सामाजिक उपन्यास / |
||
| 246 |
_aNanki : gram jeevan par pad rahe shehri prabhav par aadharit samajik upanyas / _bby Bachchan Singh |
||
| 260 |
_aवाराणसी _bअनुराग प्रकाशन _c2001 |
||
| 270 |
_aचौक _bवाराणसी _e221 001 |
||
| 300 |
_a104पृ. _c21सेमी (सजिल्द) |
||
| 650 |
_aहिन्दी -- साहित्य _964318 |
||
| 650 |
_aहिन्दी -- उपन्यास _964319 |
||
| 650 |
_aHindi -- Literature _964320 |
||
| 650 |
_aHindi -- Fiction _927248 |
||
| 942 |
_2ddc _cHN _hउ _mबच्चन |
||
| 999 |
_c115999 _d115999 |
||